| 000 | 00540nam a2200229Ia 4500 | ||
|---|---|---|---|
| 008 | 140626s9999 xx 000 0 und d | ||
| 100 | _aBautista, Joseph. | ||
| 245 | 4 |
_aThe colors of Iloilo / _cJoseph Bautista. |
|
| 260 | _cc2012. | ||
| 300 | _a13 : 10, page 18 | ||
| 440 | _aCruising | ||
| 521 | _aTOU | ||
| 650 | _aAdventure. | ||
| 650 | _aDestinations. | ||
| 650 | _aDinagyang festival. | ||
| 650 | _aFestivals. | ||
| 650 | _aFood. | ||
| 650 | _aHospitality. | ||
| 650 | _aIloilo. | ||
| 650 | _aTravel. | ||
| 942 | _cSE | ||
| 999 |
_c121151 _d121151 |
||